000 01510cam a2200433 4500
003 PE-LiUPU
005 20250731173503.0
020 _a0830817506
035 _a(Sirsi) i9780830817504
035 _a(Sirsi) 17223
035 _a(Sirsi) 17223
041 _aen
044 _aus
082 0 4 _a232.1
_bM26
100 1 _aMarshall, Howard
245 1 4 _aThe Origins of New Testament Christology /
_cI. Howard Marshall.
264 1 _aDowners Grove, Illinois :
_bInter Varsity Press,
_c1990.
300 _a140 páginas ;
_c21 cm.
505 0 _aIntroduction and survey -- The early church -- Did jesus have a Christology? -- Who is this Son of man? -- Are you the Christ? -- Jesus is Lord -- If you are the Son of God -- An unfinished task. Jesus.
526 _aSEG42
526 _aSEG41
526 _aSEG40
526 _aSEG39
526 _aP94
526 _aP87
526 _aP86
526 _aP85
526 _aP77
526 _aP76
526 _aP35
600 0 4 _aJesucristo
_xHistoria de las doctrinas
_yIglesia primitiva, ca. 30-600.
600 0 4 _aJesucristo
_xHistoria de las doctrinas
_ySiglo XX.
942 _2ddc
_cBOOK
949 _a232.1 M26
_i40371
_lPOSTGRADO
_mBUL
_tLIBRO
_o.STAFF. Posgrado
859 _q40371
_h232.1
_iM26
596 _a1
999 _a232.1 M26
_wDEWEY
_c58177
_i40371
_f2021-11-10
_g5
_lCCODEBUL1
_mBUL
_r0
_sY
_tBOOK
_u2015-6-16
_xTEOLOGIA
_zUNKNOWN
_0COMPRA
_o.STAFF. Colección General
_d58177
980 _81
_gALBERTO SANCHEZ Responsable de Automatización